00684nam a2200217Ia 4500003000400000005001700004008004100021020001800062040001800080041000800098082002500106100002500131245004200156250001200198260004600210300002900256650001600285942001200301999001900313952013400332OSt20250628104352.0210716s2015 xx 000 0 und d a9788126554904 cAIMIT LIBRARY aeng a005.740285 21bFOWA aFowler,Adam.9215957 aNo sql for dummies /bBy Adam Fowler. a1st ed. aNew Delhi :bWiley India Pvt Ltd ,c2015. axvi,438p.;bPBc24.5 cm. aSQL9215958 2ddccBK c194991d194991 001040708MCAaAIMITbAIMITeKnowledge Worldg499.00l0o005.740285 FOWApMCA14499r2026-05-23 00:00:00v374.25w2021-07-16yBK